<?xml version="1.0" encoding="UTF-8"?>
<record
    xmlns:xsi="http://www.w3.org/2001/XMLSchema-instance"
    xsi:schemaLocation="http://www.loc.gov/MARC21/slim http://www.loc.gov/standards/marcxml/schema/MARC21slim.xsd"
    xmlns="http://www.loc.gov/MARC21/slim">

  <leader>00457nam a22001337a 4500</leader>
  <controlfield tag="008">161129b        xxu||||| |||| 00| 0 eng d</controlfield>
  <datafield tag="050" ind1=" " ind2=" ">
    <subfield code="a"> HN59.2</subfield>
    <subfield code="b">.S63 2012</subfield>
  </datafield>
  <datafield tag="245" ind1=" " ind2=" ">
    <subfield code="a">Social problems :</subfield>
    <subfield code="b">readings with four questions /</subfield>
    <subfield code="c">edited   by] Joel M. Charon, Lee Garth Vigilant </subfield>
  </datafield>
  <datafield tag="250" ind1=" " ind2=" ">
    <subfield code="a">4th ed.</subfield>
  </datafield>
  <datafield tag="260" ind1=" " ind2=" ">
    <subfield code="a">Belmont, Calif. :</subfield>
    <subfield code="b">Wadsworth/Cengage Learning,</subfield>
    <subfield code="c">c2009</subfield>
  </datafield>
  <datafield tag="300" ind1=" " ind2=" ">
    <subfield code="a">xx,599p.</subfield>
    <subfield code="c">23cm.</subfield>
  </datafield>
  <datafield tag="650" ind1=" " ind2=" ">
    <subfield code="a">Social problems|zUnited States </subfield>
  </datafield>
  <datafield tag="942" ind1=" " ind2=" ">
    <subfield code="2">lcc</subfield>
    <subfield code="c">BK</subfield>
  </datafield>
  <datafield tag="999" ind1=" " ind2=" ">
    <subfield code="c">47498</subfield>
    <subfield code="d">47498</subfield>
  </datafield>
  <datafield tag="952" ind1=" " ind2=" ">
    <subfield code="0">0</subfield>
    <subfield code="1">0</subfield>
    <subfield code="2">lcc</subfield>
    <subfield code="4">0</subfield>
    <subfield code="7">0</subfield>
    <subfield code="8">NFIC</subfield>
    <subfield code="a">NBI</subfield>
    <subfield code="b">NBI</subfield>
    <subfield code="c">GEN</subfield>
    <subfield code="d">2016-11-29</subfield>
    <subfield code="e">Donation</subfield>
    <subfield code="g">500.00</subfield>
    <subfield code="l">3</subfield>
    <subfield code="o">HN59.2 .S63 2012</subfield>
    <subfield code="p">048760</subfield>
    <subfield code="s">2021-06-28</subfield>
    <subfield code="t">1</subfield>
    <subfield code="w">2016-11-29</subfield>
    <subfield code="y">BK</subfield>
  </datafield>
</record>
